[Event "Madrid 2021-2022 ch - Previa B"]
[Site "Madrid ESP"]
[Date "2022.03.04"]
[Round "2.5"]
[White "Gutierrez Diaz, Pablo"]
[Black "Suarez Hernan, Santiago"]
[Result "1-0"]
[WhiteElo "1916"]
[BlackElo "1720"]
[PlyCount "58"]
[EventDate "2022.03.03"]
[EventType "swiss"]
[EventRounds "9"]
[EventCountry "ESP"]
[SourceTitle "Ajedrez en Madrid"]
[Source "lmi"]
[SourceDate "2022.03.04"]
[SourceVersion "1"]
[SourceVersionDate "2022.03.24"]
[SourceQuality "1"]

1. e4 c6 2. Nc3 d5 3. Nf3 dxe4 4. Nxe4 Nd7 5. Bc4 Ngf6 6. Nxf6+ Nxf6 7. O-O e6
8. Re1 Bd6 9. d4 Qc7 10. Ne5 O-O 11. h3 c5 12. Nf3 cxd4 13. Qxd4 Rd8 14. Qh4
Be7 15. Bd3 h6 16. Bxh6 gxh6 17. Qxh6 Rxd3 18. cxd3 Nh7 19. Rac1 Qd8 20. Re4
Bf6 21. Rcc4 Bg7 22. Rg4 Qf6 23. Rxg7+ Qxg7 24. Rg4 Qxg4 25. hxg4 Bd7 26. Ne5
Be8 27. g5 Nf8 28. Ng4 f5 29. gxf6 Rc8 1-0

[Event "Madrid 2021-2022 ch - Previa B"]
[Site "Madrid ESP"]
[Date "2022.03.04"]
[Round "2.6"]
[White "Torres Rebolledo, Alvaro"]
[Black "Cabanas Bravo, Juan Andres"]
[Result "1-0"]
[WhiteElo "1705"]
[BlackElo "1903"]
[PlyCount "101"]
[EventDate "2022.03.03"]
[EventType "swiss"]
[EventRounds "9"]
[EventCountry "ESP"]
[SourceTitle "Ajedrez en Madrid"]
[Source "lmi"]
[SourceDate "2022.03.04"]
[SourceVersion "1"]
[SourceVersionDate "2022.03.24"]
[SourceQuality "1"]

1. e4 e5 2. Nf3 Nc6 3. Bc4 Bc5 4. O-O Nf6 5. d3 d6 6. c3 Bb6 7. Nbd2 Ne7 8. Bb3
c6 9. Nc4 Bc7 10. Bg5 Ng6 11. Ne3 h6 12. Bh4 Nxh4 13. Nxh4 g6 14. Qf3 Qe7 15.
d4 Bd7 16. d5 c5 17. a4 h5 18. Bc2 Bd8 19. Qe2 Nxe4 20. Nxg6 fxg6 21. Bxe4 Qg5
22. Nc4 Be7 23. Qe3 Qh6 24. f4 b5 25. Na3 bxa4 26. Qg3 exf4 27. Qxg6+ Kd8 28.
Qxh6 Rxh6 29. Rxf4 Rf6 30. Rxf6 Bxf6 31. Rf1 Ke7 32. Bf5 Rf8 33. Bxd7 Kxd7 34.
Nc4 Ke7 35. g3 Rb8 36. Re1+ Kd7 37. Re6 Be7 38. Rh6 h4 39. g4 a3 40. bxa3 Rb3
41. Na5 Rxa3 42. Nc6 Rxc3 43. Rh7 Re3 44. g5 c4 45. Kf2 Re4 46. g6 c3 47. g7
Rg4 48. Nxe7 c2 49. Ng6 Kc7 50. g8=Q+ Kb6 51. Qb8+ 1-0

[Event "Madrid 2021-2022 ch - Previa B"]
[Site "Madrid ESP"]
[Date "2022.03.04"]
[Round "2.7"]
[White "Lopez Herrero, Israel"]
[Black "Santamaria Baeza, Adolfo"]
[Result "0-1"]
[WhiteElo "1683"]
[BlackElo "1875"]
[PlyCount "38"]
[EventDate "2022.03.03"]
[EventType "swiss"]
[EventRounds "9"]
[EventCountry "ESP"]
[SourceTitle "Ajedrez en Madrid"]
[Source "lmi"]
[SourceDate "2022.03.04"]
[SourceVersion "1"]
[SourceVersionDate "2022.03.24"]
[SourceQuality "1"]

1. e4 e5 2. Nf3 Nc6 3. Bb5 Qf6 4. c3 h6 5. O-O Nge7 6. d4 Ng6 7. Re1 Be7 8. d5
Nd8 9. Nbd2 O-O 10. Nf1 Bc5 11. b4 Bxf2+ 12. Kxf2 Qb6+ 13. Ne3 Qxb5 14. h4 d6
15. g3 f5 16. Qc2 f4 17. Nf1 fxg3+ 18. Kxg3 Qd7 19. N1h2 Qh3+ 0-1

[Event "Madrid 2021-2022 ch - Previa B"]
[Site "Madrid ESP"]
[Date "2022.03.04"]
[Round "2.8"]
[White "Muminov, Suhayl"]
[Black "Baeza Escudero, Javier"]
[Result "0-1"]
[WhiteElo "1658"]
[BlackElo "1849"]
[PlyCount "138"]
[EventDate "2022.03.03"]
[EventType "swiss"]
[EventRounds "9"]
[EventCountry "ESP"]
[SourceTitle "Ajedrez en Madrid"]
[Source "lmi"]
[SourceDate "2022.03.04"]
[SourceVersion "1"]
[SourceVersionDate "2022.03.24"]
[SourceQuality "1"]

1. e4 e6 2. b3 d5 3. Bb2 Nf6 4. e5 Nfd7 5. f4 c5 6. Nf3 Nc6 7. Bb5 Be7 8. d3
Qa5+ 9. Nc3 d4 10. Bxc6 bxc6 11. Nd2 dxc3 12. Nc4 Qc7 13. Bxc3 Nb6 14. Ba5 Ba6
15. Bxb6 axb6 16. Ne3 b5 17. Qg4 g6 18. c4 Rd8 19. O-O-O Qa5 20. Kb2 bxc4 21.
dxc4 Rd2+ 22. Rxd2 Qxd2+ 23. Nc2 O-O 24. Rd1 Qa5 25. Rd7 Re8 26. h4 Bc8 27. Rd3
Rd8 28. Rh3 Qd2 29. h5 Rd3 30. hxg6 fxg6 31. Rh1 Qc3+ 32. Kb1 Rd2 33. Rc1 Qd3
34. g3 Rg2 35. Qh3 Rxg3 36. Qh2 Qf3 37. Re1 Qxf4 38. Rh1 h5 39. Qe2 Rg5 40. Re1
Bf8 41. Qd3 Qf7 42. Qd8 Rg2 43. Qxc8 Qf5 44. Rc1 h4 45. Qxc6 h3 46. Kb2 Qxe5+
47. Ka3 Qd6 48. Qa8 Qd2 49. Rf1 Rf2 50. Rxf2 Qxf2 51. Qe4 Qf5 52. Qe2 Bg7 53.
Ne1 Qf7 54. Ka4 Qd7+ 55. Ka5 Qc6 56. Qd2 h2 57. Qd8+ Kf7 58. b4 h1=Q 59. a4
Qa8+ 60. Qxa8 Qxa8+ 61. Kb5 cxb4 62. Kxb4 Bf8+ 63. Kc3 Qa5+ 64. Kd4 Qxe1 65. a5
Qxa5 66. Ke4 Qc5 67. Kf4 Bh6+ 68. Kg4 Qe3 69. c5 Bf4 0-1

[Event "Madrid 2021-2022 ch - Previa B"]
[Site "Madrid ESP"]
[Date "2022.03.04"]
[Round "2.9"]
[White "Portero Rubio, Martin"]
[Black "Jimenez Carrazoni, Javier"]
[Result "0-1"]
[WhiteElo "1846"]
[BlackElo "1584"]
[PlyCount "74"]
[EventDate "2022.03.03"]
[EventType "swiss"]
[EventRounds "9"]
[EventCountry "ESP"]
[SourceTitle "Ajedrez en Madrid"]
[Source "lmi"]
[SourceDate "2022.03.04"]
[SourceVersion "1"]
[SourceVersionDate "2022.03.24"]
[SourceQuality "1"]

1. e4 c5 2. Nf3 Nc6 3. Bb5 g6 4. Bxc6 dxc6 5. d3 Bg7 6. h3 Nf6 7. Nc3 O-O 8.
Be3 b6 9. Qd2 Qc7 10. Bf4 Qb7 11. O-O Rd8 12. Qe3 Nd7 13. Rae1 e5 14. Bh6 Re8
15. Bxg7 Kxg7 16. Nd2 Nf8 17. Nc4 Qe7 18. f4 exf4 19. Qxf4 Ne6 20. Qe5+ f6 21.
Qg3 Nd4 22. Rf2 Be6 23. Nd6 Red8 24. e5 f5 25. Nd1 Kh8 26. a4 g5 27. h4 Rg8 28.
hxg5 Rxg5 29. Qf4 Rh5 30. c3 Rh4 31. Qe3 f4 32. Qd2 Nb3 33. Qc2 Qg5 34. d4 Qh5
35. Rf3 Rh1+ 36. Kf2 Qh4+ 37. g3 Qh2# 0-1

[Event "Madrid 2021-2022 ch - Previa B"]
[Site "Madrid ESP"]
[Date "2022.03.04"]
[Round "2.10"]
[White "Vukotic Jovsic, Dragan"]
[Black "Corchon Granero, Mateo"]
[Result "1-0"]
[WhiteElo "1834"]
[BlackElo "1491"]
[PlyCount "61"]
[EventDate "2022.03.03"]
[EventType "swiss"]
[EventRounds "9"]
[EventCountry "ESP"]
[SourceTitle "Ajedrez en Madrid"]
[Source "lmi"]
[SourceDate "2022.03.04"]
[SourceVersion "1"]
[SourceVersionDate "2022.03.24"]
[SourceQuality "1"]

1. d4 d5 2. Bf4 Nf6 3. e3 e6 4. Nf3 Nbd7 5. Bd3 Be7 6. O-O O-O 7. Nbd2 b6 8.
Ne5 Bb7 9. Qf3 c5 10. c3 Rc8 11. Qh3 h6 12. g4 Ne4 13. Bxh6 Nxe5 14. dxe5 gxh6
15. Qxh6 Bg5 16. Qh5 Kg7 17. Nxe4 dxe4 18. f4 Be7 19. f5 exf5 20. gxf5 Rg8 21.
Bc4 Bd5 22. Rad1 Bg5 23. Bxd5 Bxe3+ 24. Kh1 Qc7 25. Rg1+ Kf8 26. Rxg8+ Kxg8 27.
f6 Rd8 28. Qg6+ Kf8 29. Qg7+ Ke8 30. Bxf7+ Qxf7 31. Rxd8+ 1-0

[Event "Madrid 2021-2022 ch - Previa B"]
[Site "Madrid ESP"]
[Date "2022.03.04"]
[Round "2.13"]
[White "Feal Albala, Alonso"]
[Black "Marin Aso, Jose Luis"]
[Result "1/2-1/2"]
[WhiteElo "1809"]
[BlackElo "1834"]
[PlyCount "63"]
[EventDate "2022.03.03"]
[EventType "swiss"]
[EventRounds "9"]
[EventCountry "ESP"]
[SourceTitle "Ajedrez en Madrid"]
[Source "lmi"]
[SourceDate "2022.03.04"]
[SourceVersion "1"]
[SourceVersionDate "2022.03.24"]
[SourceQuality "1"]

1. d4 Nf6 2. Nc3 d5 3. Bf4 e6 4. Nb5 Na6 5. a3 Be7 6. e3 c6 7. Nc3 b6 8. Nf3
Bb7 9. Bd3 O-O 10. Ne5 Nb8 11. Qf3 c5 12. Ne2 Nbd7 13. c3 Ne4 14. Qh3 g5 15.
Nxd7 Qxd7 16. Bxe4 dxe4 17. Qg3 f6 18. h4 Rf7 19. hxg5 fxg5 20. Rh5 Qd5 21.
O-O-O Ba6 22. dxc5 Qa2 23. Rxg5+ Bxg5 24. Qxg5+ Rg7 25. Rd8+ Rxd8 26. Qxd8+ Kf7
27. Qd7+ Kg6 28. Qe8+ Rf7 29. Qg8+ Rg7 30. Qe8+ Rf7 31. Qg8+ Rg7 32. Qe8+
1/2-1/2

[Event "Madrid 2021-2022 ch - Previa B"]
[Site "Madrid ESP"]
[Date "2022.03.04"]
[Round "2.14"]
[White "Sanchez Gonzalez, Samuel"]
[Black "Anton Ortiz, Carlos"]
[Result "1/2-1/2"]
[WhiteElo "1458"]
[BlackElo "1519"]
[PlyCount "106"]
[EventDate "2022.03.03"]
[EventType "swiss"]
[EventRounds "9"]
[EventCountry "ESP"]
[SourceTitle "Ajedrez en Madrid"]
[Source "lmi"]
[SourceDate "2022.03.04"]
[SourceVersion "1"]
[SourceVersionDate "2022.03.24"]
[SourceQuality "1"]

1. d4 d5 2. c4 e6 3. g3 Nf6 4. Bg2 b6 5. Nc3 Bb7 6. Bg5 Be7 7. e3 O-O 8. Nge2
Nbd7 9. O-O c5 10. cxd5 Nxd5 11. Bxe7 Qxe7 12. e4 Nxc3 13. bxc3 cxd4 14. cxd4
Rfd8 15. Nf4 Nc5 16. d5 Rac8 17. Qg4 Rc7 18. Rfe1 e5 19. Nh3 Rd6 20. Rad1 Rcd7
21. f4 Rd8 22. Qf3 exf4 23. Nxf4 Nd7 24. Qa3 a6 25. Nd3 Ne5 26. Nxe5 Qxe5 27.
Rc1 Re8 28. Qb4 a5 29. Qd2 h6 30. Qf4 Qd4+ 31. Kh1 Rf6 32. Qc7 Ba8 33. Qd7 Qe5
34. Rc8 Rxc8 35. Qxc8+ Kh7 36. Qxa8 Qc3 37. Rg1 Rf2 38. Qc6 Qd2 39. Qc1 Rxg2
40. Qxd2 Rxd2 41. Rb1 Rd4 42. Rxb6 Rxe4 43. d6 Rd4 44. Ra6 a4 45. Kg2 Rd2+ 46.
Kf3 Rxa2 47. Ke3 Ra3+ 48. Kd4 Ra1 49. Kd5 a3 50. d7 a2 51. Kc6 Rc1+ 52. Kb7 Rd1
53. Kc7 Rc1+ 1/2-1/2

[Event "Madrid 2021-2022 ch - Previa B"]
[Site "Madrid ESP"]
[Date "2022.03.04"]
[Round "2.15"]
[White "Cuellar Gutierrez, Raul"]
[Black "Mata Medina, Andres"]
[Result "1/2-1/2"]
[WhiteElo "1948"]
[BlackElo "1374"]
[PlyCount "64"]
[EventDate "2022.03.03"]
[EventType "swiss"]
[EventRounds "9"]
[EventCountry "ESP"]
[SourceTitle "Ajedrez en Madrid"]
[Source "lmi"]
[SourceDate "2022.03.04"]
[SourceVersion "1"]
[SourceVersionDate "2022.03.24"]
[SourceQuality "1"]

1. d4 Nf6 2. Nf3 g6 3. g3 Bg7 4. Bg2 O-O 5. O-O d6 6. c4 c5 7. Nc3 Nc6 8. d5
Na5 9. Qd3 Bd7 10. Bf4 a6 11. a4 Nh5 12. Bg5 h6 13. Be3 Bf5 14. Ne4 Bxb2 15.
Bxh6 Bxa1 16. Bxf8 Bh8 17. Bh6 Qd7 18. Qc2 Bxe4 19. Qxe4 Qxa4 20. Qxe7 Nxc4 21.
Qxb7 Qe8 22. Qb3 Ne5 23. Nxe5 Bxe5 24. Bc1 Qb8 25. Qa2 Ng7 26. Ba3 Nf5 27. Rb1
Qc7 28. e3 c4 29. Bf1 c3 30. Rc1 Qb6 31. Rb1 Qc7 32. Rc1 Qb6 1/2-1/2

[Event "Madrid 2021-2022 ch - Previa B"]
[Site "Madrid ESP"]
[Date "2022.03.04"]
[Round "2.16"]
[White "Fernandez Herrero, Mario"]
[Black "Jimenez Carrazoni, Marta Elena"]
[Result "1/2-1/2"]
[WhiteElo "1862"]
[BlackElo "1452"]
[PlyCount "118"]
[EventDate "2022.03.03"]
[EventType "swiss"]
[EventRounds "9"]
[EventCountry "ESP"]
[SourceTitle "Ajedrez en Madrid"]
[Source "lmi"]
[SourceDate "2022.03.04"]
[SourceVersion "1"]
[SourceVersionDate "2022.03.24"]
[SourceQuality "1"]

1. e4 c5 2. Nf3 Nc6 3. d4 cxd4 4. Nxd4 e5 5. Nb5 d6 6. N1c3 a6 7. Na3 Be6 8.
Nd5 f5 9. exf5 Qa5+ 10. Nc3 Bxf5 11. Nc4 Qc5 12. Be3 Nd4 13. Bd3 Bxd3 14. Qxd3
Nxc2+ 15. Qxc2 Qxc4 16. Rd1 Rc8 17. Qf5 Nf6 18. Bg5 Qg4 19. Qxg4 Nxg4 20. f3
Nh6 21. Bxh6 gxh6 22. O-O Be7 23. Rd2 Rg8 24. Ne4 Rg6 25. Rfd1 Rc6 26. Nc3 h5
27. Ne4 h4 28. Kf2 Kd7 29. Nc3 Bd8 30. Re2 Bb6+ 31. Kf1 Bd4 32. Nd5 Rc5 33. Nb4
Rb5 34. Nd3 h3 35. g3 Rf6 36. f4 exf4 37. gxf4 Rg5 38. Re4 Rg1+ 39. Ke2 Rg2+
40. Kf3 Bxb2 41. Rb1 d5 42. Rb4 Ba3 43. Rxb7+ Ke8 44. Rxh7 Bd6 45. Rxh3 Rxa2
46. Rh8+ Rf8 47. Rxf8+ Kxf8 48. h4 Rh2 49. Kg4 Be7 50. h5 Rh4+ 51. Kg3 Rxh5 52.
Rb8+ Kf7 53. Ne5+ Ke6 54. Rb6+ Kf5 55. Rxa6 Bh4+ 56. Kf3 Bf6 57. Nd7 Bc3 58.
Rc6 Rh3+ 59. Kg2 Rd3 1/2-1/2

[Event "Madrid 2021-2022 ch - Previa B"]
[Site "Madrid ESP"]
[Date "2022.03.04"]
[Round "2.17"]
[White "Palacios Sanchez, Victor"]
[Black "Enriquez Pastor, Jorge"]
[Result "1-0"]
[WhiteElo "1658"]
[BlackElo "1435"]
[PlyCount "93"]
[EventDate "2022.03.03"]
[EventType "swiss"]
[EventRounds "9"]
[EventCountry "ESP"]
[SourceTitle "Ajedrez en Madrid"]
[Source "lmi"]
[SourceDate "2022.03.04"]
[SourceVersion "1"]
[SourceVersionDate "2022.03.24"]
[SourceQuality "1"]

1. e4 e6 2. b3 d5 3. Bb2 dxe4 4. Nc3 Nf6 5. Qe2 Nbd7 6. O-O-O b6 7. Nxe4 Bb7 8.
Ng3 Bd6 9. Nf3 O-O 10. d4 Re8 11. Ne5 Qe7 12. f3 Ba3 13. Ne4 Bxb2+ 14. Kxb2
Nxe4 15. fxe4 Nf6 16. g4 Bxe4 17. Bg2 Bxg2 18. Qxg2 Nd5 19. Qf3 Qf6 20. Qd3 Qe7
21. g5 Qxg5 22. Rhg1 Qe3 23. Qf1 f6 24. Rd3 Qf4 25. Qg2 Re7 26. Ng4 f5 27. Nf6+
Nxf6 28. Qxa8+ Re8 29. Qg2 g6 30. Rf1 Qh6 31. Qc6 Qg7 32. Re1 Qd7 33. Qg2 Ne4
34. h4 Qg7 35. Rg1 Rd8 36. Rgd1 Qf6 37. Qh2 Qe7 38. Kb1 a5 39. a4 Rc8 40. h5 g5
41. Qe5 Nf2 42. R3d2 Nxd1 43. Rxd1 g4 44. h6 Rf8 45. d5 Rf6 46. dxe6 Rxe6 47.
Rd8+ 1-0

[Event "Madrid 2021-2022 ch - Previa B"]
[Site "Madrid ESP"]
[Date "2022.03.04"]
[Round "2.18"]
[White "Aldea Moreno, Marina"]
[Black "Gutierrez Trapero, Carlos"]
[Result "1-0"]
[WhiteElo "1611"]
[BlackElo "1392"]
[PlyCount "99"]
[EventDate "2022.03.03"]
[EventType "swiss"]
[EventRounds "9"]
[EventCountry "ESP"]
[SourceTitle "Ajedrez en Madrid"]
[Source "lmi"]
[SourceDate "2022.03.04"]
[SourceVersion "1"]
[SourceVersionDate "2022.03.24"]
[SourceQuality "1"]

1. e4 c5 2. Nc3 e6 3. f4 d5 4. Nf3 Nf6 5. Bb5+ Bd7 6. Bxd7+ Qxd7 7. Qe2 dxe4 8.
Nxe4 Nxe4 9. Qxe4 Qc6 10. Qe2 Bd6 11. d3 O-O 12. O-O Nd7 13. Ng5 Nf6 14. b3 h6
15. Ne4 Nxe4 16. dxe4 Rfe8 17. Bb2 e5 18. f5 f6 19. Rad1 Rac8 20. c4 a6 21. Bc1
Bf8 22. Rf3 Red8 23. Rd5 Rxd5 24. cxd5 Qb5 25. Kf2 Qxe2+ 26. Kxe2 c4 27. Rc3 b5
28. bxc4 bxc4 29. g4 Bb4 30. Rc2 Kf7 31. Bb2 Ke7 32. Bc3 a5 33. a3 Bxc3 34.
Rxc3 Kd6 35. Rc2 Rc5 36. Kd2 Kc7 37. Kc3 Kd6 38. Rb2 Rc7 39. Rb5 Rc5 40. Rb7
Rc8 41. Rxg7 h5 42. Rf7 hxg4 43. Rxf6+ Ke7 44. Rg6 Rh8 45. Rxg4 Rxh2 46. Kxc4
Ra2 47. Kb3 Ra1 48. Rg6 Re1 49. Re6+ Kd7 50. Rxe5 1-0

[Event "Madrid 2021-2022 ch - Previa B"]
[Site "Madrid ESP"]
[Date "2022.03.04"]
[Round "2.19"]
[White "Rebollo Rico, Ignacio"]
[Black "Villar Grandon, Diego"]
[Result "0-1"]
[WhiteElo "1241"]
[BlackElo "1606"]
[PlyCount "54"]
[EventDate "2022.03.03"]
[EventType "swiss"]
[EventRounds "9"]
[EventCountry "ESP"]
[SourceTitle "Ajedrez en Madrid"]
[Source "lmi"]
[SourceDate "2022.03.04"]
[SourceVersion "1"]
[SourceVersionDate "2022.03.24"]
[SourceQuality "1"]

1. d4 Nf6 2. Nf3 b6 3. e3 Bb7 4. Bd3 d6 5. O-O g6 6. c4 Bg7 7. d5 O-O 8. Nc3
Nbd7 9. Ne4 Nxe4 10. Bxe4 Nc5 11. Bc2 e6 12. e4 Re8 13. Re1 Qd7 14. Rb1 a5 15.
a4 exd5 16. cxd5 Re7 17. Re2 Rae8 18. Nd2 Bxd5 19. f3 Bc6 20. b4 Nxa4 21. Bxa4
Bxa4 22. Qe1 Bc2 23. Bb2 Bxb1 24. Qxb1 Qb5 25. Re1 Qxb4 26. Bxg7 Qxb1 27. Rxb1
Kxg7 0-1

[Event "Madrid 2021-2022 ch - Previa B"]
[Site "Madrid ESP"]
[Date "2022.03.04"]
[Round "2.20"]
[White "Gonzalez Pena, David I"]
[Black "Voytsekhoskyy Pomircha, Victor"]
[Result "1-0"]
[WhiteElo "1600"]
[BlackElo "1217"]
[PlyCount "73"]
[EventDate "2022.03.03"]
[EventType "swiss"]
[EventRounds "9"]
[EventCountry "ESP"]
[SourceTitle "Ajedrez en Madrid"]
[Source "lmi"]
[SourceDate "2022.03.04"]
[SourceVersion "1"]
[SourceVersionDate "2022.03.24"]
[SourceQuality "1"]

1. e4 c5 2. Nf3 d6 3. b4 cxb4 4. a3 Qb6 5. axb4 Qxb4 6. Nc3 Nf6 7. Rb1 Qa5 8.
Bb2 Nbd7 9. Bb5 a6 10. O-O e6 11. d4 Qc7 12. Bd3 Be7 13. Re1 O-O 14. e5 dxe5
15. dxe5 Nd5 16. Ne4 Nc5 17. Nd6 Bxd6 18. Bxh7+ Kxh7 19. Ng5+ Kg6 20. Qg4 f5
21. exf6 Bxh2+ 22. Kf1 Nxf6 23. Bxf6 e5 24. Ne6+ Kh7 25. Qh5+ Kg8 26. Nxc7 Rxf6
27. Nxa8 Bf4 28. Qe8+ Rf8 29. Qe7 Nd7 30. Nc7 Nf6 31. Ne6 Bxe6 32. Qxe6+ Kh8
33. Rxb7 Bh2 34. Qh3+ Kg8 35. Qxh2 Ng4 36. Qg3 Nf6 37. Qxg7# 1-0

[Event "Madrid 2021-2022 ch - Previa B"]
[Site "Madrid ESP"]
[Date "2022.03.05"]
[Round "3.1"]
[White "Lozano Freras, Sergio"]
[Black "Baeza Escudero, Javier"]
[Result "0-1"]
[WhiteElo "1990"]
[BlackElo "1849"]
[PlyCount "64"]
[EventDate "2022.03.03"]
[EventType "swiss"]
[EventRounds "9"]
[EventCountry "ESP"]
[SourceTitle "Ajedrez en Madrid"]
[Source "lmi"]
[SourceDate "2022.03.04"]
[SourceVersion "1"]
[SourceVersionDate "2022.03.24"]
[SourceQuality "1"]

1. e4 e6 2. d4 d5 3. Nd2 a6 4. Ngf3 c5 5. exd5 exd5 6. c3 Nc6 7. Bd3 Nf6 8. O-O
cxd4 9. Nxd4 Nxd4 10. cxd4 Be7 11. Qb3 O-O 12. Nf3 Re8 13. Bf4 Ne4 14. Ne5 Ng5
15. Be3 Bf6 16. f4 Ne6 17. Rac1 g6 18. Be2 b5 19. Bf3 Bb7 20. a4 Qb6 21. Nd7
Nxd4 22. Nxb6 Nxb3 23. Rc7 Rxe3 24. Rxb7 Bd4 25. Kh1 Rae8 26. Bxd5 Re1 27.
Bxf7+ Kh8 28. h4 Rxf1+ 29. Kh2 Bg1+ 30. Kg3 Nc5 31. Rc7 Ne4+ 32. Kg4 Bxb6 0-1

[Event "Madrid 2021-2022 ch - Previa B"]
[Site "Madrid ESP"]
[Date "2022.03.05"]
[Round "3.2"]
[White "Rodriguez Avila, Alvaro"]
[Black "Vukotic Jovsic, Dragan"]
[Result "1-0"]
[WhiteElo "1949"]
[BlackElo "1834"]
[PlyCount "119"]
[EventDate "2022.03.03"]
[EventType "swiss"]
[EventRounds "9"]
[EventCountry "ESP"]
[SourceTitle "Ajedrez en Madrid"]
[Source "lmi"]
[SourceDate "2022.03.04"]
[SourceVersion "1"]
[SourceVersionDate "2022.03.24"]
[SourceQuality "1"]

1. e4 c5 2. Nf3 e6 3. b3 d5 4. exd5 exd5 5. Bb5+ Bd7 6. Bxd7+ Nxd7 7. O-O Be7
8. d4 Bf6 9. Re1+ Ne7 10. Nc3 O-O 11. Bg5 cxd4 12. Bxf6 Nxf6 13. Qxd4 Nc6 14.
Qd2 Qd7 15. Rad1 Rfd8 16. Nd4 Rac8 17. Re3 g6 18. Nxc6 bxc6 19. Qd4 Qd6 20. Rf3
Nd7 21. Ne4 Qe5 22. Nf6+ Kg7 23. Nxd7 Qxd4 24. Rxd4 Rxd7 25. c4 Re7 26. Re3
Rxe3 27. fxe3 dxc4 28. Rxc4 Rd8 29. Rc2 Rd6 30. Kf2 Kf6 31. Ke2 Ke6 32. Rc4 f5
33. Ra4 Rd7 34. h4 h6 35. e4 fxe4 36. Rxe4+ Kf5 37. Rc4 Rc7 38. Ke3 Ke5 39. b4
Kd5 40. Rc5+ Kd6 41. h5 g5 42. Rf5 Re7+ 43. Kd3 Ke6 44. Rf8 Kd5 45. Rf6 Rh7 46.
a4 Ke5 47. Rxc6 Kf4 48. b5 Kg4 49. a5 Rd7+ 50. Kc4 Kxh5 51. b6 axb6 52. axb6
Kg4 53. Rxh6 Kg3 54. Kc5 g4 55. Rg6 Rd2 56. b7 Rc2+ 57. Kd6 Rb2 58. Kc7 Rc2+
59. Rc6 Rb2 60. Rb6 1-0

[Event "Madrid 2021-2022 ch - Previa B"]
[Site "Madrid ESP"]
[Date "2022.03.05"]
[Round "3.3"]
[White "Cardena Contreras, Javier"]
[Black "Gutierrez Diaz, Pablo"]
[Result "0-1"]
[WhiteElo "1816"]
[BlackElo "1916"]
[PlyCount "78"]
[EventDate "2022.03.03"]
[EventType "swiss"]
[EventRounds "9"]
[EventCountry "ESP"]
[SourceTitle "Ajedrez en Madrid"]
[Source "lmi"]
[SourceDate "2022.03.04"]
[SourceVersion "1"]
[SourceVersionDate "2022.03.24"]
[SourceQuality "1"]

1. e4 c5 2. Nf3 Nc6 3. d4 cxd4 4. Nxd4 g6 5. Nc3 Bg7 6. Be3 Nf6 7. Be2 O-O 8.
f4 Qb6 9. Nxc6 Qxe3 10. Nxe7+ Kh8 11. e5 Ng4 12. Ned5 Qf2+ 13. Kd2 Nxe5 14. Kc1
Nc6 15. Bf3 Nd4 16. Ne4 Qh4 17. g3 Qd8 18. Bg2 d6 19. c3 Be6 20. Ne3 Rc8 21.
Kd2 Nf5 22. Nxf5 Bxf5 23. g4 Bxe4 24. Bxe4 d5 25. Bd3 Qb6 26. Kc2 Qa5 27. Qd2
b5 28. Kd1 d4 29. cxd4 Qb6 30. Rc1 Qxd4 31. Rxc8 Rxc8 32. Bxb5 Qb6 33. Bd3 Bxb2
34. Ke2 Re8+ 35. Kd1 Rc8 36. Ke2 Qe6+ 37. Kf1 Rc1+ 38. Kg2 Qxg4+ 39. Kf2 Bd4+
0-1

[Event "Madrid 2021-2022 ch - Previa B"]
[Site "Madrid ESP"]
[Date "2022.03.05"]
[Round "3.4"]
[White "Santamaria Baeza, Adolfo"]
[Black "Torres Rebolledo, Alvaro"]
[Result "1-0"]
[WhiteElo "1875"]
[BlackElo "1705"]
[PlyCount "89"]
[EventDate "2022.03.03"]
[EventType "swiss"]
[EventRounds "9"]
[EventCountry "ESP"]
[SourceTitle "Ajedrez en Madrid"]
[Source "lmi"]
[SourceDate "2022.03.04"]
[SourceVersion "1"]
[SourceVersionDate "2022.03.24"]
[SourceQuality "1"]

1. e4 e5 2. Nf3 Nc6 3. Bc4 Bc5 4. c3 Nf6 5. d3 d6 6. O-O O-O 7. Bg5 h6 8. Bh4
a6 9. Nbd2 Ba7 10. a4 Be6 11. Bxe6 fxe6 12. Qb3 Qc8 13. Nc4 Rb8 14. Rad1 b5 15.
Ne3 Qd7 16. axb5 axb5 17. Rfe1 Nh5 18. d4 exd4 19. Nxd4 Nxd4 20. cxd4 Rf4 21.
Nf5 Kh7 22. g3 Rg4 23. h3 Rg6 24. Ne7 Rg5 25. Bxg5 hxg5 26. Qf3 Nf6 27. e5 Qxe7
28. exf6 gxf6 29. Qf5+ exf5 30. Rxe7+ Kg6 31. Rxc7 Bb6 32. Rd7 Rc8 33. Rxd6 Ba7
34. Ra6 Bb8 35. Ra8 Rd8 36. Kf1 b4 37. Rd3 Bc7 38. Rxd8 Bxd8 39. d5 Kf7 40. Re3
Bb6 41. Re6 Bd4 42. b3 Be5 43. Ke2 f4 44. g4 Bd4 45. f3 1-0

[Event "Madrid 2021-2022 ch - Previa B"]
[Site "Madrid ESP"]
[Date "2022.03.05"]
[Round "3.5"]
[White "Jimenez Carrazoni, Javier"]
[Black "Torres Rebolledo, Victor"]
[Result "1/2-1/2"]
[WhiteElo "1584"]
[BlackElo "1989"]
[PlyCount "170"]
[EventDate "2022.03.03"]
[EventType "swiss"]
[EventRounds "9"]
[EventCountry "ESP"]
[SourceTitle "Ajedrez en Madrid"]
[Source "lmi"]
[SourceDate "2022.03.04"]
[SourceVersion "1"]
[SourceVersionDate "2022.03.24"]
[SourceQuality "1"]

1. e4 e5 2. Nf3 Nc6 3. Bc4 Bc5 4. c3 Nf6 5. d3 d6 6. Bb3 a6 7. Nbd2 Ba7 8. O-O
h6 9. Nc4 b5 10. Ne3 Ne7 11. Nh4 d5 12. Qf3 c6 13. Nef5 Nxf5 14. Nxf5 Bxf5 15.
Qxf5 Qd6 16. Be3 d4 17. cxd4 Bxd4 18. Bxd4 Qxd4 19. Rac1 c5 20. Qh3 O-O 21. Qe3
Qxe3 22. fxe3 Rac8 23. Rf5 Nd7 24. Bd5 g6 25. Rf2 Kg7 26. Bb7 Rc7 27. Bxa6 Rb8
28. a4 bxa4 29. d4 Ra7 30. Bc4 f6 31. Rd2 cxd4 32. exd4 exd4 33. Rcc2 Ne5 34.
Rxd4 a3 35. bxa3 Rxa3 36. Be2 Ra7 37. h3 h5 38. Kf2 Re7 39. Bf3 Ra7 40. Be2 Re8
41. Bf3 Rae7 42. Ra2 Rc8 43. Rda4 Nd3+ 44. Kg3 Kh6 45. Ra8 Rxa8 46. Rxa8 Nc5
47. Kf4 g5+ 48. Kf5 Nd7 49. Rh8+ Kg7 50. Rxh5 Re5+ 51. Kg4 Nc5 52. h4 Nxe4 53.
Bxe4 Rxe4+ 54. Kg3 g4 55. Rf5 Kg6 56. Rf4 Re3+ 57. Kxg4 Re2 58. Kf3 Ra2 59. Rd4
Ra3+ 60. Kf4 Ra1 61. g3 Rf1+ 62. Kg4 f5+ 63. Kh3 Rh1+ 64. Kg2 Ra1 65. Rb4 Ra3
66. Rb6+ Kg7 67. h5 Rc3 68. Rg6+ Kf7 69. Rb6 Kg7 70. Rb5 Kf6 71. h6 Kg6 72.
Rb6+ Kh7 73. Rf6 Ra3 74. Kh3 f4 75. Rxf4 Kxh6 76. Kg4 Kg6 77. Rc4 Rb3 78. Rc6+
Kg7 79. Kh4 Ra3 80. g4 Ra1 81. Kh5 Ra2 82. Rc7+ Kg8 83. g5 Ra6 84. g6 Ra1 85.
Kg5 Rg1+ 1/2-1/2

[Event "Madrid 2021-2022 ch - Previa B"]
[Site "Madrid ESP"]
[Date "2022.03.05"]
[Round "3.6"]
[White "Ruiz Vazquez, Javier"]
[Black "Toledo Aguirre, Gonzalo"]
[Result "1-0"]
[WhiteElo "1725"]
[BlackElo "1879"]
[PlyCount "37"]
[EventDate "2022.03.03"]
[EventType "swiss"]
[EventRounds "9"]
[EventCountry "ESP"]
[SourceTitle "Ajedrez en Madrid"]
[Source "lmi"]
[SourceDate "2022.03.04"]
[SourceVersion "1"]
[SourceVersionDate "2022.03.24"]
[SourceQuality "1"]

1. e4 e6 2. d4 d5 3. Nc3 Bb4 4. e5 c5 5. a3 Bxc3+ 6. bxc3 Ne7 7. Nf3 Nbc6 8.
Bd3 Qa5 9. Bd2 c4 10. Be2 Bd7 11. Rb1 O-O-O 12. Ng5 Rdf8 13. f4 f6 14. Nf3 f5
15. Qc1 h6 16. Qb2 Qc7 17. O-O Nd8 18. Qb4 Nf7 19. Qxe7 1-0